Quizzes
Events
Quiz Creation
Community
Videos
Private Events
Remove Ads
Sign In
Join for FREE
Feedback
Dark Mode
Quiz Categories
Sports
Geography
Music
Movies
Television
Just For Fun
Miscellaneous
History
Literature
Language
Science
Gaming
Entertainment
Religion
Holiday
For Kids
Quiz Lab
Recent
Popular Today
Quiz Kudos Today
Editor Picks
Curator Picks
Quizzes by...
Day
Popularity
Type
Ratings
Length
Year
Community
Subscriptions
Recent Discussions
Orange Saloon
Badges
Playlists
Quests
Create
Leaderboards
Showdown
Live 5
Trivia Bingo
Activity
Puzzle Library
Sporcle Events
Private Events
Virtual Trivia
Globe League
Become a Host
Pub Owners
SporcleCon
Opinionation
Our Games
Videos
Blog
Mobile Apps
Partnerships
Remove Ads and Go Orange
Feedback
Entertainment
Celebrity
Famous
Musical
Broadway
Show
Quote
Comic Books
Anime
Superhero
DC Comics
Marvel
Cartoons
Animation
Entertainment
Celebrity
Famous
Musical
Broadway
Show
Quote
Comic Books
Anime
Superhero
DC Comics
Marvel
Cartoons
Animation
Random Quiz
Search Sporcle
×
Quiz Lab
Quiz Lab
Entertainment
episode
Type in answers that appear in a list
Type in answers that appear in a list
Classic
Best Score? Go Orange.
How well do you know zoey 101? Stats
Can you name the zoey 101 episodes?
By
fancy17wpoodle
20m
60 Questions
77 Plays
77 Plays
77 Plays
Comments
Comments
Give Quiz Kudos
Give Quiz Kudos
-
- Ratings
hide this ad
Replay
Link that replays current quiz
Next Quiz
Link to next quiz in quiz playlist
You Got
0%
They Got
Avg Score
48%
Avg Friend Score
Upgrade to see
Score Distribution
Jump to the score distribution portion of the page
Score
0/60
Timer
20:00
0
Plays Today
need help?
Episode
% Correct
Welcome to pca
71.4%
new roomies
61%
goodbye zoey
61%
Jet X
59.7%
spring break-up
59.7%
chasing zoey
58.4%
spring fling
57.1%
defending dustin
57.1%
the curse of pca
57.1%
lola likes chase
55.8%
chase's grandma
55.8%
webcam
54.5%
chase's girlfriend
54.5%
the great vince blake
53.2%
zoey's balloon
53.2%
Little beach party
51.9%
logan gets cut off
51.9%
haunted house
50.6%
quinn misses the mark
50.6%
roller coaster
50.6%
Back to pca
49.4%
disc golf
49.4%
Quinn's alpaca
49.4%
paige at pca
49.4%
Hot dean
48.1%
school dance
48.1%
backpack
48.1%
prank week
48.1%
time capsule
48.1%
zoey's ribs
48.1%
need help?
Episode
% Correct
hands on a blix van
48.1%
miss pca
48.1%
the play
46.8%
girls will be boys
46.8%
quarantine
46.8%
dance contest
46.8%
son of a dean
46.8%
trading places
46.8%
vince is back
46.8%
coffee cart ban
46.8%
The Election
45.5%
robot wars
45.5%
michael loves lisa
45.5%
PCA Confidential
45.5%
wrestling
44.2%
the radio
44.2%
people auction
42.9%
surprise
42.9%
favor chain
42.9%
fake roommate
42.9%
Rumor of love
42.9%
quinn's date
41.6%
alone at pca
41.6%
broadcast views
40.3%
silver hammer society
40.3%
drippin' episode
40.3%
walk-a-thon
39%
dinner for too many
39%
Anger managment
33.8%
zoey tutor
28.6%
Quiz Playlist
Details
Report
Send in Message
Add To Playlist
Classic:
Type in answers that appear in a list
Last Updated: Feb 16, 2017
Quiz Scoreboard
CHALLENGE
Sign Up to Join the Scoreboard
Show All
Scores
Hide
Comments
May contain spoilers
Recently Published
9x9 Crossword: Cartoon Network
by jackfrog10
Miscellaneous
3m
College Basketball Coaching Resumes
by pancakes188
Sports
9m
Billboard Blitz: Fleetwood Mac
by CooCooCachoo
Music
15s
More to Explore
Quiz From the Vault
Featured Blog Post
Where Did the Easter Bunny Come From?
hide this ad
You Might Also Like...
Tags
101
episode
help
Zoey
Today's Top Quizzes in Entertainment
Browse Entertainment
hide this ad
Today's Top Quizzes in episode
Browse episode
Top Contributed Quizzes in Entertainment
1
7-to-1: DC Comics Villains
2
Marvel Characters Bunker
3
Eurovision 2023 Logic Puzzle
4
Dragon Ball Z: Goku's Fights in Order
5
Sorting Pictures: Villains
6
Criteria Quickie: Cartoon Taxonomy II
7
Mini Trivia Sudoku: Musicals
8
Kamen Rider Motifs
9
Fictional Villains Letter U Blitz
10
7-to-1: One Piece
Explore More
Trending Topics
Harry Potter
Disney
Marvel
Crossword
NBA
Kpop
Anime
Soccer
The Office
Puzzle
NFL
WWE
Pokémon
Song
Country
hide this ad
More By:
fancy17wpoodle
Quiz
Plays
Rating
Category
Featured
Created
how well do you know zoey 101?
77
Entertainment
Feb 16, 2016
Go to Creator's Profile
Score Distribution
Quiz Creator Spotlight
fancy17wpoodle
Follow
Send a Message
Quizzes Created
-
Created Quiz Play Count
-
More By This Creator
Popular Quizzes Today
1
Find the US States - No Outlines Minefield
2
Find the Countries of Europe - No Outlines Minefield
3
The Countries of the World
4
Find the US States
5
Risky Map Clicking: Biggest States A-Z
6
US States
7
Popular People in 1961
8
Movies - When Are They Set?
More Entertainment Quizzes
Famous Celebrities on Stage
Published
Trending Quizzes
Risky Map Clicking: Least Populous States A-Z
1-10 Letter G Words
Risky Map Clicking: Next State Alphabetically
Adjectives in 80s TV Shows
Risky Map Clicking: Biggest States A-Z
Recently Updated
Leaping Animals
pecheneg
Reality TV Shows (A-Z)
bhenderson79
Rickey Henderson's Hall of Fame Teammates
pecheneg
Champions League XIs: Arsenal
pecheneg
Quick Pick: Celebrities in WWE's Hall of Fame
aduchscher
A-Z Keypad Blitz II
pecheneg
Multiple Oscar Actors
pecheneg
Mystery Phrase Blitz: Oscar 'Best Actors'
pecheneg
F. Scott Fitzgerald Novels
LTH
Pick 3 Villains
ddd62291
Trending Topics
Kpop
Crossword
Disney
Marvel
Anime
NBA
Harry Potter
Song
Country
The Office
NFL
Puzzle
Soccer
WWE
Pokémon
Your Account Isn't Verified!
In order to create a playlist on Sporcle, you need to verify the email address you used during registration. Go to your
Sporcle Settings
to finish the process.
Report this User
Report this user for behavior that violates our
Community Guidelines
.
Details:
Send Report
Go to the Sporcle.com Mobile Site →
Comments